000 01004nam0a2200313 4500
001 RU\NLR\bibl\503792
005 20250609140819.0
010 _a5-7390-1179-5
_bОлимп
010 _a5-699-05215-1
_bЭКСМО
_95000
021 _aRU
_b2004-5824
_9300
035 _a(NLR Aleph) 000496366
090 _a1145790
_c1145790
100 _a20040323d2004 |||y0rusy50 ca
101 0 _arus
102 _aRU
105 _ay |||||||||
200 1 _aХроника отложенного взрыва
_e[Роман]
_fФеликс Меркулов
210 _aМ.
_cЭксмо
_cОлимп
_d2004
215 _a378,[1] с.
_d21
225 1 _aInterpol
_iРусский отдел
_iСпецоперации
686 _aШ6(2=Р)75-446
700 1 _aМеркулов
_bФ. Г.
_gФеликс Геннадьевич
_4070
801 0 _aRU
_bNLR
_c20040323
_gPSBO
801 1 _aRU
_bNLR
_c20040323
830 _aАвт. по кн.
942 _cBOOK
980 _aNB